| 000 | 00676nam a22001937a 4500 | ||
|---|---|---|---|
| 999 |
_c166414 _d166414 |
||
| 005 | 20191106112321.0 | ||
| 010 | _aENG-126051 | ||
| 020 |
_a978-93-86761-15-6 _c1495.00 |
||
| 035 | _aEN-109583 | ||
| 037 | _bDBAD/PUB | ||
| 082 | _a337 | ||
| 100 | _aChoudhary, Vidya Kumar | ||
| 245 |
_aInternational political economy / _cby Vidya Kumar Choudhary |
||
| 260 |
_aNew Delhi _bAne Books Pvt.Ltd. _c2018 |
||
| 270 |
_a4821, Parwana Bhawan, 1st Floor, 24 Ansari Road, Darya Ganj _bNew Delhi _e110006 _k011-23276843-44 _mkapoor@anebooks.com |
||
| 300 |
_a280p. _c24cm(Hb) |
||
| 500 | _aIncludes bibliographical references and index | ||
| 942 |
_2ddc _cEN _h337 _mCHO |
||